| 000 | 00785nam a2200217 a 4500 | ||
|---|---|---|---|
| 003 | 0 | ||
| 005 | 20250305110339.0 | ||
| 008 | 090707s19uu xx 00 eng d | ||
| 050 |
_aPGS LB 1027.23 _b.H198 2009 |
||
| 100 | _aHam, Tae Sung. | ||
| 245 |
_aLevel of satisfaction of Upper School students of SISC with creativity, action and service (CAS) / _cTae Sung Ham. |
||
| 260 |
_aLas PiƱas City, Philippines : _bSouthville International School and Colleges, _c2009. |
||
| 300 |
_a24 pages : _billustrations ; _c28 cm. |
||
| 504 | _aIncludes bibliographical references. | ||
| 650 | _aStudent satisfaction. | ||
| 650 | _aExperiential learning. | ||
| 650 | _aService learning. | ||
| 650 | _aStudent leadership. | ||
| 650 | _aTeamwork in education. | ||
| 942 |
_2lcc _cPASS |
||
| 999 |
_c98212 _d98212 |
||